Trophées de Messi - Statistiques

Statistiques générales
  • Ce quiz a été pris 639 fois
  • Le résultat moyen est 4 sur 16
Statistiques - réponses
Hint Réponse % Correct
10 LIGA
88%
1 Ligue 1
62%
7 Coupe du Roi
55%
1 Copa America
49%
8 Supercoupe d'Espagne
35%
3 Coupe du monde des Clubs
26%
7 Ballons d'or
24%
1 Trophée des champions
20%
6 Souliers d'or
17%
1 Jeux Olympiques
14%
1 Finalissima
13%
4 Ligue des champions UEFA
10%
3 Super Coupe de l'UEFA
4%
1 AUDI Cup
2%
2 Joueur de l'année de l'UEFA
1%
5 Trophée Joan Gamper
1%
Aucun quiz correspondant
Distribution des résultats
% des personnes avec chaque résultat
Percentile par nombre de réponses
Votre historique - résultats
Vous n’avez pas pris ce quiz